000 00539nam a22001817a 4500
003 OSt
005 20260609161746.0
008 260609b |||||||| |||| 00| 0 eng d
020 _a978-1-4129-2500-6
040 _cChuka University Library
050 _aLB 1031 .C4 2008
100 _aChapman Carolyn
_928130
245 _aDifferentiated Instructional Management : Work Smarter , Not Harder
260 _aCalifornia
_bCorwin Press
_c2008
300 _aVarious Paging
650 _aIndividualized instruction
_920213
942 _2lcc
_cBK
_n0
999 _c23749
_d23749